Elementos para un modelo prospectivo internacional /

Bewaard in:
Bibliografische gegevens
Hoofdauteur: Pérez, Romeo
Formaat: Texto
Tags: Voeg label toe
Geen labels, Wees de eerste die dit record labelt!

MARC

LEADER 00000 a a2200000 04500
001 2695
003
040
100 |a Pérez, Romeo  
245 |a Elementos para un modelo prospectivo internacional /  |c Romeo Pérez 
773 |g número 9; páginas 33-54  
999 |c 20684  |d 20684